Statystyki dla Czy potrafisz odgadnąć te miasta? #7

Kliknij tutaj aby rozwiązać quiz!

Ogólne statystyki

  • Ten quiz został rozwiązany 32 razy
  • Średni wynik to 4 z 20

Statystyki odpowiedzi

PodpowiedźMiasto% Poprawnych
W okolicach tego miasta znajduje się port lotniczy JasionkaRzeszów
69%
Zespół piłkarski z tego miasta nazywany jest "Żyrondyści"Bordeaux
41%
Miasto z największym skupiskiem międzynarodowych banków w USAMiami
31%
Nazwa tego hiszpańskiego miasta pochodzi od arabskiego słowa Al-Mariyya, które oznacza wieżę obserwacyjnąAlmería
28%
Stolica wyspy MaurtiusPort Louis
28%
Siedziba Gruzińskiego Sądu KonstytucyjnegoBatumi
24%
W tym miejsce miała miejsce akcja powieści "Dżuma" Alberta CamusaOran
24%
Najczęsciej odwiedzane miasto przez turystów na świecieBangkok
21%
Siedziba mistrzów NBA z 2016 rokuCleveland
21%
Ed Sheeran nagrał piosenkę o dziewczynie z tego miastaGalway
21%
Miasto zwane Indyjską Doliną KrzemowąBengaluru
14%
Miasto, które do 2005 roku nosiło nazwę TshwanePretoria
14%
Stolica Nowej Szkocji w KanadzieHalifax
10%
Największy duński port nad morzem północnymEsbjerg
7%
Największe miasto wyspy KiusiuFukuoka
7%
Siedziba uniwersytetu Ajou, jedno z miast gospodarzy piłkarskich MŚ w 2002 rokuSuwon
7%
Miasto w Wielkiej Brytanii - siedziba zespołu McLaren F1Woking
7%
Czwarte pod względem ludności miasto BoliwiiCochabamba
3%
Drugie pod względem ludności miasto KolumbiiKartagena
3%
W tłumaczeniu z języka węgierskiego na język polski miasto nazywa się Kozia DzielnicaKecskemet
3%

Rozkład punktacji

Percentyl według liczby udzielonych odpowiedzi

Procent ludzi z każdym wynikiem

Twoja historia wyników

Nie rozwiązałeś tego quizu